000 00707nam a2200229 i 4500
001 bg
100 1 _aPerlmann-Balme, Michaela.
245 0 0 _aem neu Hauptkurs :
_bDeutsch als Fremdsprache Niveaustufe B2 /
_cMichaela Perlmann-Balme, Susanne Schwalb.
260 _aIsmaning :
_bHueber Verlag,
_c2008.
300 _a160 s. :
_bil. (w tym kolor.) ;
_c28 cm.
650 9 _aJęzyk niemiecki
655 _aPodręczniki
700 1 _aSchwalb, Susanne.
020 _a9783195016957
040 _cBPK
041 1 _ager
044 _aDEU
920 _a978-3-19-501695-7
942 _cKS
008 s pl f |000 0 pol
999 _c55824
_d55824
856 _uhttp://koha.tu.koszalin.pl/cgi-bin/koha/opac-detail.pl?biblionumber=55824
_yKatalog online BPK